| 000 | 00309nam a22001217a 4500 | ||
|---|---|---|---|
| 020 | _a0735619492 | ||
| 082 |
_222 _a005.11 |
||
| 100 | _aJeffries, Ron. | ||
| 245 | _aExtreme programming adventures in C# / | ||
| 260 |
_aUSA, _bMicrosoft Press, _cc2004. |
||
| 300 |
_axxx, 518p. ; _bill. ; _c23 cm. |
||
| 942 |
_2ddc _cIT |
||
| 999 |
_c2293 _d2293 |
||